| 000 | 00453nam a2200181Ia 4500 | ||
|---|---|---|---|
| 008 | 160819s9999 xx 000 0 und d | ||
| 020 | _a978-1-74196-523-0 | ||
| 050 | _aCUL TX 724.5 | ||
| 050 | _b.T5W67 2010 | ||
| 245 | _aWorld kitchen Thailand / | ||
| 260 | _aAustralia : | ||
| 260 | _bMurdoch Books Pty. Ltd., | ||
| 260 | _c2010 | ||
| 300 | _a254 pages : | ||
| 300 | _bcolor illustrations ; | ||
| 300 | _c26 cm. | ||
| 500 | _aIncludes index. | ||
| 999 |
_c300707 _d300707 |
||